|
|
|
|
| LEADER |
01736cam a2200529 i 4500 |
| 001 |
nkc20152708473 |
| 003 |
CZ PrNK |
| 005 |
20151022152618.0 |
| 007 |
ta |
| 008 |
150924s2015 xr g 000 f cze d |
| 015 |
|
|
|a cnb002708473
|
| 020 |
|
|
|a 978-80-7447-902-1
|q (vázáno)
|
| 035 |
|
|
|a (OCoLC)928738357
|
| 040 |
|
|
|a ULG001
|b cze
|d BOA001
|e rda
|
| 041 |
1 |
|
|a cze
|h eng
|
| 043 |
|
|
|a e-fr---
|
| 045 |
|
|
|a x4x4
|
| 072 |
|
7 |
|a 821.111(73)-3
|x Americká próza
|2 Konspekt
|9 25
|
| 080 |
|
|
|a 821.111(73)-31
|2 MRF
|
| 080 |
|
|
|a 94(100)"1939/1945"
|2 MRF
|
| 080 |
|
|
|a (44)
|2 MRF
|
| 080 |
|
|
|a (0:82-311.6)
|2 MRF
|
| 100 |
1 |
|
|a Wein, Elizabeth,
|d 1964-
|7 osa2015887155
|4 aut
|
| 240 |
1 |
0 |
|a Code name Verity.
|l Česky
|
| 245 |
1 |
0 |
|a Krycí jméno Verity /
|c Elizabeth Weinová ; přeložil Petr Eliáš
|
| 246 |
3 |
|
|a Verity
|
| 250 |
|
|
|a 1. vydání
|
| 264 |
|
1 |
|a V Praze :
|b CooBoo,
|c 2015
|
| 300 |
|
|
|a 308 stran ;
|c 21 cm
|
| 336 |
|
|
|a text
|b txt
|2 rdacontent
|
| 337 |
|
|
|a bez média
|b n
|2 rdamedia
|
| 338 |
|
|
|a svazek
|b nc
|2 rdacarrier
|
| 500 |
|
|
|a Přeloženo z angličtiny
|
| 504 |
|
|
|a Obsahuje bibliografické odkazy
|
| 650 |
0 |
7 |
|a druhá světová válka (1939-1945)
|7 ph117270
|z Francie
|2 czenas
|
| 650 |
0 |
9 |
|a World War, 1939-1945
|z France
|2 eczenas
|
| 655 |
|
7 |
|a americké romány
|7 fd131796
|2 czenas
|
| 655 |
|
7 |
|a válečné romány
|7 fd133831
|2 czenas
|
| 655 |
|
9 |
|a American fiction
|2 eczenas
|
| 655 |
|
9 |
|a war novels
|2 eczenas
|
| 700 |
1 |
|
|a Eliáš, Petr,
|d 1986-
|7 xx0079819
|4 trl
|
| 910 |
2 |
|
|a BOA001
|b 2-1352.904
|
| 928 |
9 |
|
|a Albatros Media - CooBoo
|
| 990 |
|
|
|a BK
|
| 995 |
|
|
|a 01
|
| 991 |
|
|
|b 201510
|c NOV
|e b
|
| 996 |
6 |
|
|b 2610646849
|c 2-1352.904
|l MZK
|r Sklad / do 1 hodiny
|n 3
|p p.v.
|w 001526343
|u 000010
|a 1
|e BOA001
|j MZK50
|s P
|